Регионална библиотека "Любен Каравелов" - Русе

Начялно ръководство за длъжностите на человека (Запис номер 157457)

MARC детайли
000 -Лидер
Контролно поле с фиксирана дължина 01683nam a2200361 c 4500
003 - Код на организацията, давaща контролен номер
Контролно поле BLK
005 - Дата и час на последна редакция
Контролно поле 20240731005407.0
008 - Елементи от данни с фиксирана дължина
fixed length control field 180410b bul|||||r ||||||| ||bul||
010 ## - Наследен системен номер
LC control number KNG00164401000
040 ## - Източник на каталожния запис
Идентификатор на билиотеката - собственик на записа BLK
041 ## - Код за език
Код за езика на текст/звукозапис или на отделно заглавие Български
Код за езика КДБФ Български
072 #7 - Код за тематичната категория
Код организация bullib
Код за тематична категория С
Текст Старопечатен фонд
080 ## - УДК
Текстов определител УДК Основа на моралните задължения
УДК код - определител по УДК 17.025
УДК определител
УДК - код + определител 17.025
100 1# - Редна дума - Автор
Автор Соаве, Франческо
Авторска отговорност първи автор
R(LIN) 121855
139 ## - Редно поле
Редна дума Соаве, Франческо
Авторски знак Со - С 49
245 10 - Сведения за заглавието
Заглавие Начялно ръководство за длъжностите на человека
Подзаглавни данни Сочинение Франгиска Соабия ; превод П. Р. Славейкова за употребение в първоначалните училища
Редно поле (дума) Франческо Соаве; * Петко Рачов Славейков.
250 ## - Област на изданието
Сведения за изданието 1. изд
257 ## - Страна на издаване
Страна на създаване/издаване България
260 ## - Област на издателските данни
-- Виена
Година на издаване 1861
Печатница Виена : книгопечатница ПП. Мехитаристов
300 ## - Физическа характеристика
Страници 58 с.
Размери/Мащаб 22 см
380 ## - Жанр
Жанр Философия
650 #4 - Допълнително описание по предмет – тема
Основно описание – тема или топоним Етика
9 (RLIN) 155121
653 ## - Ключова дума – ненормативна
Ключова дума етика
653 ## - Ключова дума – ненормативна
Ключова дума морал
659 ## - Тематичен бюлетин
Тематичен бюлетин С
700 1# - Други автори (авторска отговорност)
Лично име Славейков, Петко Рачов
Дати, свързани с автора 1827-1895
Друга информация Виден възрожд. деец, участник в борбата за църк. освобожд., просветител, писател, поет, публицист, фолклорист, политик
Автороска отговорност (Описва отношението между автора и произведението) *
9 (RLIN) 121105
852 ## - Местоположение
Форматна сигнатура Цб Ст 6873 * 561
856 4# - Електронен адрес и достъп
Електронен формат pdf - файл
Път до файла /url/
856 4# - Електронен адрес и достъп
Електронен формат pdf - файл
Път до файла /url/
942 ## - АРТИКУЛИ
Вид на библиотечния материал Книги
Скрит в OPAC Не
944 ## - СЪЗДАВАНЕ И РЕДАКЦИЯ на ЗАПИСА
Създаване/Редакция Създаване
Дата на регистрацията/редакция 27.08.2014
Служител, извършил регистрацията/редакцията
Статус, дата на статуса CRON CRON
944 ## - СЪЗДАВАНЕ И РЕДАКЦИЯ на ЗАПИСА
Създаване/Редакция Редакция
Дата на регистрацията/редакция 27.08.2014
Служител, извършил регистрацията/редакцията
999 ## - СИСТЕМНИ КОНТРОЛНИ НОМЕРА
Koha biblionumber 157457
Koha biblioitemnumber 157457
Наличности
Код за отписване Код за изгубен артикул Източник на класификационната схема Код за повреда Коз за рестрикции Код за отдаване Артикулен № Име на библиотеката - собственик Име на библиотеката, в която се намира в момента Статус (Текущо местоположение) Дата на вписване в системата Местоположение - отдел Цена в лева Инвентарен номер Систематично азбучна сигнатура Баркод Номер на екземпляра Цена в евро Служебна бележка Служебен тип на артикула
  Не е изгубен Universal Decimal Classification Не е повреден само за читалня Специални фондове ( старопечатни, редки и ценни, фонд М. Арнаудов) 263782 Регионална библиотека "Любен Каравелов" Русе Регионална библиотека "Любен Каравелов" Русе Старопечатен фонд 1861-01-01 Старопечатен фонд 0.00 430-ст Цб Ст 6873 * 561 900000000682 1 0.00 Дост: DA Вид: Сф Дата: 01.01.1861 Дата инв: 02.04.2018 Бележки инв: СТ2018 Книги
Vip Innovations Ltd, Rousse, Bulgaria 2025